Sex and gender in society perspectives on stratification

Includes bibliographical references (p. 261-275) and index.; Rev. ed. of: Sex in society. c1978; Neal A. Newfield, Ph.D., LICSW (Giver)

Gespeichert in:
Bibliographische Detailangaben
1. Verfasser: Nielsen, Joyce McCarl
Format: Buch
Sprache:Undetermined
Veröffentlicht: Prospect Heights, Ill. Waveland Press 1990
Schlagworte:
Online Zugang:http://lrc.tdmu.edu.vn/opac/search/detail.asp?aID=2&ID=31478
Tags: Tag hinzufügen
Keine Tags, Fügen Sie den ersten Tag hinzu!
Thư viện lưu trữ: Trung tâm Học liệu Trường Đại học Thủ Dầu Một
LEADER 00849nam a2200217Ia 4500
001 TDMU_31478
008 210410s9999 xx 000 0 und d
082 |a 305.420973 
090 |b N302 
100 |a Nielsen, Joyce McCarl 
245 0 |a Sex and gender in society 
245 0 |b perspectives on stratification 
245 0 |c Joyce McCarl Nielsen 
260 |a Prospect Heights, Ill. 
260 |b Waveland Press 
260 |c 1990 
300 |a xiii, 293 p. 
520 |a Includes bibliographical references (p. 261-275) and index.; Rev. ed. of: Sex in society. c1978; Neal A. Newfield, Ph.D., LICSW (Giver)  
650 |a Sex role; Social status; Vai trò giới tính; Địa vị xã hội  
856 |u http://lrc.tdmu.edu.vn/opac/search/detail.asp?aID=2&ID=31478 
980 |a Trung tâm Học liệu Trường Đại học Thủ Dầu Một